<?xml version="1.0" encoding="UTF-8"?>
<record
    xmlns:xsi="http://www.w3.org/2001/XMLSchema-instance"
    xsi:schemaLocation="http://www.loc.gov/MARC21/slim http://www.loc.gov/standards/marcxml/schema/MARC21slim.xsd"
    xmlns="http://www.loc.gov/MARC21/slim">

  <leader>01090nam a2200217Ia 4500</leader>
  <controlfield tag="001">IA_Also in this research was determined Total mesophilic bacterial count , total and fecal coliform , fungi and yeasts. It was found that the total aerobic mesophilic count is low (3.78 log10 CFU / g) and fecal coliform (&gt; 1852.5) as well, although these values are still outside the norm (NOM -243- SSA1 - 2010).</controlfield>
  <controlfield tag="002">CARACTERIZACION FiSICO-QUiMICA Y MICROBIOLOGICA GE</controlfield>
  <controlfield tag="008">220117s    xx            000 0 und d</controlfield>
  <datafield tag="010" ind1=" " ind2=" ">
    <subfield code="a">184980</subfield>
  </datafield>
  <datafield tag="530" ind1=" " ind2=" ">
    <subfield code="a">Disponible en PDF</subfield>
  </datafield>
  <datafield tag="583" ind1=" " ind2=" ">
    <subfield code="a">1 ej. imp. ; 2 ej. CD</subfield>
  </datafield>
  <datafield tag="650" ind1=" " ind2=" ">
    <subfield code="a">Cheeses</subfield>
    <subfield code="x">Microbiology</subfield>
    <subfield code="9">147407</subfield>
  </datafield>
  <datafield tag="650" ind1=" " ind2="0">
    <subfield code="a">Cheeses</subfield>
    <subfield code="x">Standards of identity</subfield>
    <subfield code="z">M&#xE9;xico</subfield>
    <subfield code="z">Oaxaca  </subfield>
    <subfield code="9">158336</subfield>
  </datafield>
  <datafield tag="650" ind1=" " ind2="0">
    <subfield code="a">Quesos</subfield>
    <subfield code="x">Est&#xE1;ndares de identidad de un producto</subfield>
    <subfield code="z">M&#xE9;xico</subfield>
    <subfield code="z">Oaxaca  </subfield>
    <subfield code="9">158337</subfield>
  </datafield>
  <datafield tag="650" ind1=" " ind2=" ">
    <subfield code="a">Quesos</subfield>
    <subfield code="x">Microbiolog&#xED;a  </subfield>
    <subfield code="9">147410</subfield>
  </datafield>
  <datafield tag="700" ind1=" " ind2=" ">
    <subfield code="a">G&#xF3;mez Cruz, Adalberto, asesor </subfield>
    <subfield code="9">163696</subfield>
  </datafield>
  <datafield tag="700" ind1=" " ind2=" ">
    <subfield code="a">Santos Moreno, Armando, asesor</subfield>
    <subfield code="9">163714</subfield>
  </datafield>
  <datafield tag="700" ind1=" " ind2=" ">
    <subfield code="a">Villegas de Gante, Abraham, dir. </subfield>
    <subfield code="9">147411</subfield>
  </datafield>
  <datafield tag="942" ind1=" " ind2=" ">
    <subfield code="c">TESIS L678 2013</subfield>
  </datafield>
  <datafield tag="999" ind1=" " ind2=" ">
    <subfield code="c">184980</subfield>
    <subfield code="d">184980</subfield>
  </datafield>
</record>
